000 00922nam a2200265Ia 4500
003 OSt
005 20220930084216.0
006 a|||||r|||| 00| 0
007 ta
008 220926b |||||||| |||| 00| 0 eng d
024 _a82732
037 _cTheses
040 _aCRL
_cCRL
_beng
041 _2eng
_aeng
100 _aRustagi Shaifaly Madan
_9537122
110 _aUniversity of Delhi. Faculty of Medical Sciences. Department of Anatomy
245 0 _aNormative study of histomorphometric parameters of the intracranial carotid and vertebral arteries in man
260 _c2004
650 _aANATOMY
700 _a Dr. Santosh Kaur Sangari Gu.
_9537123
700 _a Dr. Veena Bharihoke Gu.
700 _aUniversity of Delhi. Faculty of Medical Sciences. Department of Anatomy
942 _cDIS
_2CC
999 _c876816
_d876816